header

Memory for action (Record no. 21646)

MARC details
000 -LEADER
fixed length control field 01307nam a2200337Ia 4500
245 00 - TITLE STATEMENT
Title Memory for action
260 ## - PUBLICATION, DISTRIBUTION, ETC. (IMPRINT)
Place of publication New York :
Name of publisher Oxford University Press,
Year of publication c2001.
300 ## - PHYSICAL DESCRIPTION
Number of Pages ix, 205 p. :
Other physical details ill.
490 1# - SERIES STATEMENT
Series statement Counterpoints
650 #0 - SUBJECT ADDED ENTRY--TOPICAL TERM
Topical Term Memory.
Topical Term Recollection (Psychology)
700 1# - ADDED ENTRY--PERSONAL NAME
Personal name Zimmer, H. D.
856 40 - ELECTRONIC LOCATION AND ACCESS
Uniform Resource Identifier http://site.ebrary.com/lib/rucke/Doc?id=10273281

No items available.

© 2026 Rongo University
Contact us: librarian | system librarian | Rongo university